101 books to read before you grow up : the ... Read More
Available copies
- 2 of 2 copies available at LARL/NWRL Consortium.
- 2 of 2 copies available at Lake Agassiz Regional Library. (Show preferred library)
Current holds
0 current holds with 2 total copies.
Show Only Available Copies
| Location | Call Number / Copy Notes | Barcode | Shelving Location | Status | Due Date |
|---|---|---|---|---|---|
| Detroit Lakes Public Library | J 028.55 SCH (Text) | 33500012674040 | Main | Available | - |
| Moorhead Public Library | J 028.55 SCH (Text) | 33500012674032 | Main | Available | - |
Record details
- ISBN: 9781942875178
- ISBN: 1942875177
- Physical Description: 144 pages : color illustrations ; 24 cm.
- Edition: First library edition.
- Publisher: Lake Forest, CA : Walter Foster Jr., an imprint of Quarto Publishing Group USA Inc., 2017.
- Copyright: ©2016
Content descriptions
| General Note: | Includes index. "Walter Foster Jr."--Cover. |
| Bibliography, etc. Note: | Includes bibliographical references and index. |
| Formatted Contents Note: | Ages 4 & up -- Ages 5 & up -- Ages 6 & up -- Ages ... Read More |
| Summary, etc.: | 101 Books to Read Before You Grow Up provides a ... Read More |
Search for related items by subject
| Genre: | Children's nonfiction. Bibliographies. Bibliography. Juvenile works. Stories, plots, etc. Bibliographies. |
Search for related items by series
| LDR | 03996cam a22007818i 4500 | ||
|---|---|---|---|
| 001 | 284092 | ||
| 003 | LARL_NWRL_CONSORTIUM | ||
| 005 | 20180411154058.0 | ||
| 008 | 161019t20172016caua j b 001 0 eng | ||
| 010 | . | ‡a 2016033081 | |
| 040 | . | ‡aDLC ‡beng ‡erda ‡cDLC ‡dYDXCP ‡dBTCTA ‡dBDX ‡dMLY ‡dIHI ‡dUWB ‡dOCLCF ‡dGIP ‡dXXWGB ‡dEHH ‡dNZHSD ‡dOCLCO ‡dYDX ‡dDYJ ‡dEHH ‡dCHILD ‡dIHX ‡dIUK ‡dOCLCQ ‡dOCLCO ‡dSGR | |
| 019 | . | ‡a956689034 ‡a956745592 ‡a994542216 ‡a1011474183 | |
| 020 | . | ‡a9781942875178 ‡q(hardcover) | |
| 020 | . | ‡a1942875177 ‡q(hardcover) | |
| 035 | . | ‡a(OCoLC)939712365 ‡z(OCoLC)956689034 ‡z(OCoLC)956745592 ‡z(OCoLC)994542216 ‡z(OCoLC)1011474183 | |
| 042 | . | ‡apcc | |
| 043 | . | ‡an-us--- | |
| 082 | 0 | 0. | ‡a028.5/5 ‡223 |
| 100 | 1 | . | ‡aSchulze, Bianca, ‡eauthor. |
| 245 | 1 | 0. | ‡a101 books to read before you grow up : ‡bthe must-read book list for kids / ‡cwritten by Bianca Schulze ; illustrated by Shaw Nielsen. |
| 246 | 3 | . | ‡aOne hundred one books to read before you grow up |
| 246 | 3 | . | ‡aOne hundred and one books to read before you grow up |
| 250 | . | ‡aFirst library edition. | |
| 264 | 1. | ‡aLake Forest, CA : ‡bWalter Foster Jr., an imprint of Quarto Publishing Group USA Inc., ‡c2017. | |
| 264 | 4. | ‡c©2016 | |
| 300 | . | ‡a144 pages : ‡bcolor illustrations ; ‡c24 cm. | |
| 336 | . | ‡atext ‡btxt ‡2rdacontent | |
| 337 | . | ‡aunmediated ‡bn ‡2rdamedia | |
| 338 | . | ‡avolume ‡bnc ‡2rdacarrier | |
| 490 | 0 | . | ‡a101. Walter Foster Jr |
| 500 | . | ‡aIncludes index. | |
| 500 | . | ‡a"Walter Foster Jr."--Cover. | |
| 505 | 0 | . | ‡aAges 4 & up -- Ages 5 & up -- Ages 6 & up -- Ages 7 & up -- Ages 8 & up -- Ages 9 & up -- Ages 11 & up -- Titles by Genre. |
| 520 | . | ‡a101 Books to Read Before You Grow Up provides a comprehensive list of kid-friendly books for children to read before they grow up. This must-read review list acts as an interactive journal where kids can document the books they read, why they like them, and how they rate them. Divided into sections by subject, from fairy tales and fantasy to sports and nonfiction, 101 Books to Read Before You Grow Up celebrates the importance of reading and encourages family participation to develop lifelong readers. The perfect reference guide for book lovers of all ages, 101 Books to Read Before You Grow Up helps both kids and parents decide which books to read next! - from Amazon. | |
| 504 | . | ‡aIncludes bibliographical references and index. | |
| 650 | 0. | ‡aChildren ‡xBooks and reading ‡zUnited States ‡vJuvenile literature. | |
| 650 | 0. | ‡aBest books ‡vJuvenile literature. | |
| 650 | 0. | ‡aChildren's literature ‡vBibliography. ‡0(LARL_NWRL_CONSORTIUM)164219 | |
| 650 | 0. | ‡aChildren's literature ‡vStories, plots, etc. ‡0(LARL_NWRL_CONSORTIUM)42706 | |
| 650 | 1. | ‡aChildren ‡xBooks and reading ‡zUnited States. ‡0(LARL_NWRL_CONSORTIUM)164157 | |
| 650 | 1. | ‡0(LARL_NWRL_CONSORTIUM)14934 ‡aBest books | |
| 650 | 1. | ‡aChildren's literature ‡vBibliography. ‡0(LARL_NWRL_CONSORTIUM)164219 | |
| 650 | 1. | ‡aChildren's literature ‡vStories, plots, etc. ‡0(LARL_NWRL_CONSORTIUM)42706 | |
| 650 | 1. | ‡aBibliographies. | |
| 650 | 7. | ‡2fast ‡0(LARL_NWRL_CONSORTIUM)14934 ‡aBest books | |
| 650 | 7. | ‡aChildren ‡xBooks and reading. ‡2fast ‡0(LARL_NWRL_CONSORTIUM)178817 | |
| 650 | 7. | ‡2fast ‡0(LARL_NWRL_CONSORTIUM)16440 ‡aChildren's literature | |
| 651 | 7. | ‡aUnited States. ‡2fast ‡0(LARL_NWRL_CONSORTIUM)54625 | |
| 650 | 7. | ‡2sears ‡0(LARL_NWRL_CONSORTIUM)16440 ‡aChildren's literature | |
| 650 | 7. | ‡2sears ‡0(LARL_NWRL_CONSORTIUM)14934 ‡aBest books | |
| 650 | 7. | ‡aChildren ‡xBooks and reading. ‡2sears ‡0(LARL_NWRL_CONSORTIUM)178817 | |
| 655 | 4. | ‡aChildren's nonfiction. ‡5NZ-WeK | |
| 655 | 7. | ‡aBibliographies. ‡2fast | |
| 655 | 7. | ‡aBibliography. ‡2fast | |
| 655 | 7. | ‡aJuvenile works. ‡2fast | |
| 655 | 7. | ‡aStories, plots, etc. ‡2fast | |
| 655 | 7. | ‡aBibliographies. ‡2lcgft | |
| 700 | 1 | . | ‡aNielsen, Shaw, ‡eillustrator. |
| 901 | . | ‡a284092 ‡b ‡c284092 ‡tbiblio | |

Add to basket
Permalink
Disable Highlighting